Văn chương và người thưởng thức (Tiểu luận và tạp bút)

Na minha lista:
Detalhes bibliográficos
Autor principal: Ngô Văn Phú
Formato: Livro
Idioma:Undetermined
Publicado em: Hà Nội Hội NHà Văn 2000
Assuntos:
Tags: Adicionar Tag
Sem tags, seja o primeiro a adicionar uma tag!
Thư viện lưu trữ: Trung tâm Học liệu Trường Đại học Cần Thơ
LEADER 00605nam a2200193Ia 4500
001 CTU_36504
008 210402s9999 xx 000 0 und d
020 |b 46.000đ 
082 |a 809 
082 |b Ph500 
100 |a Ngô Văn Phú 
245 0 |a Văn chương và người thưởng thức (Tiểu luận và tạp bút) 
245 0 |c Ngô Văn Phú 
260 |a Hà Nội 
260 |b Hội NHà Văn 
260 |c 2000 
650 |a vietnamese literature - history and criticism 
904 |i Minh, 000508 
980 |a Trung tâm Học liệu Trường Đại học Cần Thơ